|
|
|
|
| LEADER |
01038nam a2200289 u 4500 |
| 001 |
10075968 |
| 003 |
upatras |
| 005 |
20210121164311.0 |
| 008 |
090731s1964 us eng |
| 020 |
|
|
|a 0300010702
|
| 040 |
|
|
|a GR-PaULI
|c GR-PaULI
|
| 041 |
0 |
|
|a eng
|
| 082 |
0 |
4 |
|a 320.01
|
| 100 |
1 |
|
|a Fuller, Lon L.
|d 1902-1978
|q ((Lon Luvois))
|9 76244
|
| 245 |
1 |
0 |
|a The morality of law
|c by Lon L. Fuller
|
| 250 |
|
|
|a rev. ed.
|
| 260 |
|
|
|a New Haven
|b Yale University Press
|c 1964
|
| 300 |
|
|
|a x, 262 p.
|c 21 cm.
|
| 504 |
|
|
|a Index
|
| 650 |
|
4 |
|a Δίκαιο
|9 17643
|
| 650 |
|
4 |
|a Ηθική
|x Δίκαιο
|9 2964
|
| 650 |
|
4 |
|9 688
|a Πολιτική επιστήμη
|x Φιλοσοφία
|
| 852 |
|
|
|a GR-PaULI
|b ΠΑΤΡΑ
|b ΦΙΛΟΣΟΦΙΑ
|k ΑΣΧΞ-4
|h 320.01 FUL
|m 7637
|p 025000171665
|t 1
|
| 942 |
|
|
|2 ddc
|c BK15
|
| 952 |
|
|
|0 0
|1 0
|4 0
|6 320_010000000000000_FUL
|7 0
|9 77434
|a PHIL
|b PHIL
|d 2016-04-24
|i 7637
|l 0
|o 320.01 FUL
|p 025000171665
|r 2016-04-24 00:00:00
|t 1
|w 2016-04-24
|y BK15
|
| 998 |
|
|
|c ΚΑΝΕΛΛΟΠΟΥΛΟΥ
|d 2009-07
|
| 999 |
|
|
|c 51827
|d 51827
|